A TEXT BOOK OF ORGANIC CHEMISTRY (Record no. 1219819)

MARC details
000 -LEADER
fixed length control field 00414nam a2200157Ia 4500
008 - FIXED-LENGTH DATA ELEMENTS--GENERAL INFORMATION
fixed length control field 260407s2025 xx 000 0 und d
041 ## - LANGUAGE CODE
Language code of text/sound track or separate title eng
082 ## - DEWEY DECIMAL CLASSIFICATION NUMBER
Classification number 547/BAL
Item number 12327
100 ## - MAIN ENTRY--PERSONAL NAME
Personal name ARUN BAHL
245 ## - TITLE STATEMENT
Title A TEXT BOOK OF ORGANIC CHEMISTRY
260 ## - PUBLICATION, DISTRIBUTION, ETC.
Place of publication, distribution, etc. MUMBAI
Name of publisher, distributor, etc. S.CHAND AND COMPANY LTD
Date of publication, distribution, etc. 2025
300 ## - PHYSICAL DESCRIPTION
Extent 1087p
650 ## - SUBJECT ADDED ENTRY--TOPICAL TERM
Topical term or geographic name entry element ORGANIC CHEMISTRY
650 ## - SUBJECT ADDED ENTRY--TOPICAL TERM
Topical term or geographic name entry element PHARMACEUTICAL CHEMISTRY
700 ## - ADDED ENTRY--PERSONAL NAME
Personal name B.S.BAHL
Holdings
Withdrawn status Lost status Damaged status Not for loan Home library Current library Date acquired Cost, normal purchase price Total Checkouts Full call number Barcode Date last seen Price effective from Koha item type
        College of Pharmacy, Kolhapur College of Pharmacy, Kolhapur 08/04/2026 825.00   547/BAL/12327 PCK-12327 08/04/2026 08/04/2026 Book